00775nam a22002057a 450000500170000001000150001702000260003203500140005803700130007208200140008510000260009924500690012525000060019426000530020027001100025330000320036394200280039599900190042395201270044220231220112311.0 aENG-138632 a9789389740233c995.00 aEN-122164 bDBAD/PUB a370.1521 aValmiki, Anand960009 aConstructivist Paradigm of Teaching Learning/cBy Anand Valmiki  a1 aNew DelhibNeelkamal Publications Pvt. Ltdc2020 a4761/1, 23, Ansari Road, DaryaganjbNew Delhie110002mneelkamalbooks@gmail.comk011-23244237k9811828953 axvi+229p.bIndexc25cm(hbk) 2ddccENh370.15mVALe1 c199706d199706 001040708NFICaLbLd2023-12-20eDBADg995.00l0o370.15 VALpEN-122164r2023-12-20 00:00:00t1v995.00w2023-12-20yEN